Okolo ringu (Majstrovstvá republiky v Malackách ukázali, že nemôže byť všetko také jasné a pokojné. Seniorské majstrovstvá republiky v boxe v Malackách)

Bibliographic Details
Main Author: Burian, Rado (Author)
Format: Article
Language:Slovak
Subjects:

MARC

LEADER 00000nab a2200000 ar4500
001 vtls009082554
003 SK-MaSNL
005 20260303044239.0
008 070727c19760520xo mr|p|||||||000 b|slo
015 |a SNKBUCL2007/07  |2 snkbucl 
038 |a SNKBUCL 
040 |a SNKBUCL  |b slo  |c SNKBUCL  |e AACR2 
041 0 |a slo 
044 |a xo  |c SK 
080 |a 796.83.093.1  |2 2001 
100 1 |a Burian, Rado  |4 aut  |9 923510 
245 1 0 |a Okolo ringu  |b (Majstrovstvá republiky v Malackách ukázali, že nemôže byť všetko také jasné a pokojné. Seniorské majstrovstvá republiky v boxe v Malackách)  |c Rado Burian 
611 2 7 |a Majstrovstvá republiky seniorov v boxe  |d (1976 :  |c Malacky, Slovensko)  |2 snkbucl  |9 1032944 
650 0 7 |a box  |2 snkbucl  |9 3272 
773 0 |t Šport  |g (20.5.1976), s. 3 
852 |a SNK  |b KIS3GCP 
999 |c 1699720  |d 1701650